[Event "Pavlovo"]
[Site "Pavlovo"]
[Date "2013.02.21"]
[Round "1"]
[White "Martemyanov, Vyacheslav"]
[Black "Rakov, Anatoly"]
[Result "1/2-1/2"]
[WhiteElo "1972"]
[BlackElo "2034"]
[PlyCount "153"]
[EventDate "2013.02.21"]
[EventType "tourn"]
[EventRounds "7"]
[EventCountry "RUS"]
[SourceTitle "EXT 2014"]
[Source "ChessBase"]
[SourceDate "2013.11.20"]
[SourceVersion "1"]
[SourceVersionDate "2013.11.20"]
[SourceQuality "1"]

1. e4 d5 2. exd5 Qxd5 3. Nc3 Qd6 4. d4 c6 5. Nf3 Nf6 6. Be2 Bf5 7. 0-0 e6 8. Re1 Be7 9. Nh4 Bg6 10. Nxg6 hxg6 11. g3 Qb4 12. Bf3 Nbd7 13. Ne4 Nxe4 14. Bxe4 Nf6 15. Bg2 0-0 16. c3 Qb6 17. Qe2 Rfe8 18. Bg5 Nd5 19. Bxe7 Nxe7 20. Rad1 Rad8 21. Qc2 Rd7 22. Re2 Red8 23. Red2 Nd5 24. Bxd5 Rxd5 25. b3 R8d7 26. Re1 Qc7 27. Rde2 c5 28. dxc5 Rxc5 29. Re3 Rcd5 30. R3e2 b5 31. Rc1 Qa5 32. b4 Qc7 33. c4 bxc4 34. Re4 Rd4 35. Rxd4 Rxd4 36. Qc3 Qe5 37. Qf3 Qd5 38. Rc3 Kf8 39. Ra3 Qxf3 40. Rxf3 Rd1+ 41. Kg2 Rb1 42. Ra3 Rxb4 43. Rxa7 g5 44. Kf3 c3 45. Rc7 g4+ 46. Kg2 Ra4 47. Rxc3 Rxa2 48. Rc4 f5 49. Rc7 Ra8 50. h3 gxh3+ 51. Kxh3 Re8 52. Kh4 Re7 53. Rc8+ Kf7 54. Kg5 Rd7 55. g4 fxg4 56. Kxg4 Kf6 57. f4 Rd4 58. Rc5 Rd3 59. Rb5 Rd5 60. Rb6 Rf5 61. Ra6 Rb5 62. Rc6 Rb1 63. Rc5 Rg1+ 64. Kf3 Ke7 65. Ra5 Rg6 66. f5 Rg5 67. Ra7+ Kf6 68. fxe6 Kxe6 69. Kf4 Rg1 70. Ra5 Kf7 71. Rb5 Kg6 72. Rb3 Rf1+ 73. Kg4 Rf6 74. Rb5 Rc6 75. Rg5+ Kf6 76. Rf5+ Ke6 77. Ra5 1/2-1/2

[Event "Nizhnij Novgorod Region-ch"]
[Site "Nizhnij Novgorod"]
[Date "2013.??.??"]
[Round "8"]
[White "Belitzky, Dmitri G"]
[Black "Rakov, Anatoly"]
[Result "1-0"]
[WhiteElo "2034"]
[BlackElo "2023"]
[PlyCount "53"]
[EventDate "2013.10.19"]
[EventType "swiss"]
[EventRounds "9"]
[EventCountry "RUS"]
[SourceTitle "EXT 2014"]
[Source "ChessBase"]
[SourceDate "2013.11.20"]
[SourceVersion "1"]
[SourceVersionDate "2013.11.20"]
[SourceQuality "1"]

1. e4 d5 2. exd5 Qxd5 3. Nf3 Nf6 4. Nc3 Qd6 5. d4 c6 6. Ne5 Bf5 7. Bc4 e6 8. 0-0 Nbd7 9. Bf4 Nxe5 10. Bxe5 Qb4 11. Bb3 Be7 12. h3 0-0 13. g4 Bg6 14. f4 h6 15. Qf3 Nd7 16. f5 exf5 17. gxf5 Bh7 18. Rae1 Bf6 19. Re4 Qb6 20. Kh1 Qa5 21. Bd6 Rfe8 22. Bxf7+ Kxf7 23. Qh5+ g6 24. fxg6+ Bxg6 25. Qxa5 Bxe4+ 26. Nxe4 Rxe4 27. Qh5+ 1-0

[Event "Nizhnij Novgorod Region-ch"]
[Site "Nizhnij Novgorod"]
[Date "2013.??.??"]
[Round "3"]
[White "Rakov, Anatoly"]
[Black "Chubarov, Yuri"]
[Result "0-1"]
[WhiteElo "2023"]
[BlackElo "2074"]
[PlyCount "148"]
[EventDate "2013.10.19"]
[EventType "swiss"]
[EventRounds "9"]
[EventCountry "RUS"]
[SourceTitle "EXT 2014"]
[Source "ChessBase"]
[SourceDate "2013.11.20"]
[SourceVersion "1"]
[SourceVersionDate "2013.11.20"]
[SourceQuality "1"]

1. d4 Nf6 2. Nf3 d5 3. Bf4 e6 4. Nbd2 Bd6 5. Bg5 Be7 6. e3 h6 7. Bh4 0-0 8. c3 Nbd7 9. Bd3 Re8 10. Qe2 c6 11. 0-0 Nh5 12. Bxe7 Qxe7 13. Ne5 Nxe5 14. dxe5 g6 15. a4 a5 16. Rfb1 c5 17. Bb5 Bd7 18. Bxd7 Qxd7 19. Rd1 Qc6 20. Nb1 Red8 21. Qg4 Ng7 22. Na3 h5 23. Qf4 d4 24. Nb5 dxe3 25. fxe3 Rxd1+ 26. Rxd1 Ne8 27. Qh4 Kg7 28. Qe7 Qe4 29. Qxc5 Qxa4 30. Rf1 Qh4 31. Nd6 Nxd6 32. exd6 Qd8 33. Qe5+ Kg8 34. c4 b6 35. Rd1 Qd7 36. c5 bxc5 37. Qxc5 Qa4 38. Rf1 Rd8 39. Qc7 Qd7 40. Qxa5 Qxd6 41. Qc3 Qd3 42. Qc5 Rd5 43. Qb6 Qb5 44. Qa7 Rd7 45. Qa3 Rb7 46. Rb1 Qb3 47. Qxb3 Rxb3 48. Kf2 Kg7 49. Ke2 Kf6 50. Kd2 Ke7 51. e4 Kd6 52. Kc2 Re3 53. Kd2 Rxe4 54. Kd3 f5 55. Rc1 e5 56. Rc8 Rb4 57. Kc3 Rb6 58. Rg8 Kd5 59. b4 Rc6+ 60. Kb3 Re6 61. Rc8 e4 62. Rd8+ Rd6 63. Re8 Kd4 64. b5 Ke3 65. Rc8 Kf2 66. Rc6 Rd8 67. Rxg6 Re8 68. Rg5 e3 69. Rxf5+ Kxg2 70. Rg5+ Kf3 71. Rf5+ Kg4 72. Rf1 e2 73. Re1 Kf3 74. Kc4 Kf2 0-1

[Event "Nizhnij Novgorod op"]
[Site "Nizhnij Novgorod"]
[Date "2012.10.11"]
[Round "6"]
[White "Golovin, Leonid"]
[Black "Rakov, Anatoly"]
[Result "1-0"]
[WhiteElo "2486"]
[BlackElo "2053"]
[PlyCount "87"]
[EventDate "2012.10.06"]
[EventType "swiss"]
[EventRounds "9"]
[EventCountry "RUS"]
[SourceTitle "EXT 2013"]
[Source "ChessBase"]
[SourceDate "2012.11.22"]
[SourceVersion "1"]
[SourceVersionDate "2012.11.22"]
[SourceQuality "1"]

1. Nf3 d5 2. d4 c6 3. e3 Bg4 4. c4 e6 5. Qb3 Qc7 6. Ne5 Bf5 7. Nc3 Nf6 8. Be2 h5 9. Bd2 Nbd7 10. Nxd7 Nxd7 11. h3 Be7 12. Rc1 Qb6 13. Qd1 Nf6 14. Na4 Qd8 15. Qb3 Rb8 16. Bb4 dxc4 17. Qxc4 Nd5 18. Bxe7 Qxe7 19. Nc5 Nf6 20. Bf3 g5 21. e4 Bg6 22. e5 Nd7 23. Rd1 Nb6 24. Qc3 Nd5 25. Qd2 b6 26. Ne4 Bxe4 27. Bxe4 Qb4 28. Bxd5 Qxd2+ 29. Kxd2 exd5 30. Rc1 Kd7 31. Rc3 Rh6 32. Rf3 Ke6 33. Rg1 Rc8 34. b4 Rc7 35. g4 h4 36. Rc3 Kd7 37. Ke3 f6 38. f4 fxe5 39. fxe5 Ke7 40. Rf1 Rg6 41. Rf5 Ke6 42. Rc2 Rgg7 43. Rf6+ Kd7 44. Rd6+ 1-0

[Event "Nizhnij Novgorod op"]
[Site "Nizhnij Novgorod"]
[Date "2012.10.07"]
[Round "2"]
[White "Zakharov, Aleksej"]
[Black "Rakov, Anatoly"]
[Result "1-0"]
[WhiteElo "2300"]
[BlackElo "2053"]
[PlyCount "53"]
[EventDate "2012.10.06"]
[EventType "swiss"]
[EventRounds "9"]
[EventCountry "RUS"]
[SourceTitle "EXT 2013"]
[Source "ChessBase"]
[SourceDate "2012.11.22"]
[SourceVersion "1"]
[SourceVersionDate "2012.11.22"]
[SourceQuality "1"]

1. c4 d5 2. cxd5 Qxd5 3. Nc3 Qd8 4. d4 Nf6 5. e4 e6 6. Nf3 Be7 7. Bb5+ Bd7 8. Qb3 Qc8 9. e5 Ng8 10. Bd3 Bc6 11. Be3 Nd7 12. Qc2 h6 13. d5 exd5 14. Bf5 Qd8 15. e6 fxe6 16. Bg6+ Kf8 17. Nd4 Nc5 18. b4 e5 19. Nxc6 bxc6 20. Qf5+ Nf6 21. bxc5 Qd7 22. Qxe5 Qg4 23. Qg3 Qc4 24. Ne2 Qb4+ 25. Kf1 Bxc5 26. Qxc7 Be7 27. Qxc6 1-0

[Event "Pavlovo Rating"]
[Site "Pavlovo"]
[Date "2012.03.??"]
[Round "2"]
[White "Rakov, Anatoly"]
[Black "Danov, Alexander"]
[Result "0-1"]
[WhiteElo "2106"]
[BlackElo "2248"]
[PlyCount "79"]
[EventDate "2012.03.31"]
[EventType "tourn"]
[EventRounds "9"]
[EventCountry "RUS"]
[SourceTitle "EXT 2013"]
[Source "ChessBase"]
[SourceDate "2012.11.22"]
[SourceVersion "1"]
[SourceVersionDate "2012.11.22"]
[SourceQuality "1"]

1. d4 Nf6 2. Nf3 e6 3. Bg5 c5 4. c3 Qb6 5. Qc2 cxd4 6. Nxd4 Nc6 7. e3 d5 8. Bd3 Ne5 9. Bb5+ Bd7 10. Bxd7+ Nexd7 11. Nd2 Rc8 12. 0-0 Bd6 13. a4 a6 14. a5 Qc7 15. N4f3 Ng4 16. h3 Nge5 17. Nxe5 Bxe5 18. Nf3 Bd6 19. e4 h6 20. exd5 hxg5 21. dxe6 Ne5 22. exf7+ Nxf7 23. Rfe1+ Kf8 24. Nd4 Kg8 25. Ne6 Qc6 26. Qg6 Bf8 27. Nxf8 Kxf8 28. Re6 Qd5 29. Re3 Rh6 30. Qc2 Re6 31. Rd1 Qc6 32. Rf3 Rce8 33. Qd2 Kg8 34. Rd3 Re2 35. Qc1 Qc5 36. Rf3 Qxa5 37. Qb1 Qb6 38. Qa2 Re1+ 39. Kh2 Qc7+ 40. g3 0-1

[Event "Nizhnij Novgorod Dubinin Memorial 19th"]
[Site "Nizhnij Novgorod"]
[Date "2012.01.??"]
[Round "3"]
[White "Rakov, Anatoly"]
[Black "Virovlansky, Semen"]
[Result "0-1"]
[WhiteElo "2053"]
[BlackElo "2450"]
[PlyCount "38"]
[EventDate "2012.01.??"]
[EventType "swiss"]
[EventRounds "9"]
[EventCountry "RUS"]
[SourceTitle "EXT 2015"]
[Source "ChessBase"]
[SourceDate "2014.11.20"]
[SourceVersion "1"]
[SourceVersionDate "2014.11.20"]
[SourceQuality "1"]

1. d4 g6 2. c3 Bg7 3. Bf4 d6 4. Nf3 Nd7 5. e4 e5 6. dxe5 dxe5 7. Bg5 Ngf6 8. Bc4 0-0 9. Qe2 h6 10. Bh4 c6 11. a4 Qc7 12. Nbd2 Nh5 13. 0-0 Nf4 14. Qe3 Nf6 15. h3 N6h5 16. Kh2 Qd7 17. Rfd1 g5 18. Bg3 Nxg2 19. Kxg2 Qxh3+ 0-1

[Event "Nizhnij Novgorod Dubinin Memorial 18th"]
[Site "Nizhnij Novgorod"]
[Date "2011.01.03"]
[Round "?"]
[White "Agishev, Kirill T"]
[Black "Rakov, Anatoly"]
[Result "1/2-1/2"]
[WhiteElo "1916"]
[BlackElo "2082"]
[PlyCount "30"]
[EventDate "2011.01.03"]
[EventType "swiss"]
[EventRounds "9"]
[EventCountry "RUS"]
[SourceTitle "EXT 2012"]
[Source "ChessBase"]
[SourceDate "2011.11.24"]
[SourceVersion "1"]
[SourceVersionDate "2011.11.24"]
[SourceQuality "1"]

1. e4 d5 2. exd5 Qxd5 3. Nc3 Qd6 4. Nf3 Nf6 5. d4 c6 6. h3 Bf5 7. Be3 Qb4 8. Rb1 Ne4 9. Bd3 e6 10. 0-0 Nd6 11. a3 Qa5 12. b4 Qd8 13. Re1 Be7 14. Bf4 Bxd3 15. Qxd3 0-0 1/2-1/2

[Event "Nizhnij Novgorod Dubinin Memorial 18th"]
[Site "Nizhnij Novgorod"]
[Date "2011.01.03"]
[Round "?"]
[White "Rakov, Anatoly"]
[Black "Tarasov, Valery"]
[Result "1-0"]
[WhiteElo "2082"]
[BlackElo "1920"]
[PlyCount "29"]
[EventDate "2011.01.03"]
[EventType "swiss"]
[EventRounds "9"]
[EventCountry "RUS"]
[SourceTitle "EXT 2012"]
[Source "ChessBase"]
[SourceDate "2011.11.24"]
[SourceVersion "1"]
[SourceVersionDate "2011.11.24"]
[SourceQuality "1"]

1. d4 Nf6 2. Nf3 g6 3. c3 Bg7 4. Bf4 0-0 5. h3 d6 6. e3 Nbd7 7. Bc4 e6 8. 0-0 Qe7 9. Qe2 e5 10. dxe5 dxe5 11. Bg5 e4 12. Nh2 Ne5 13. Bb3 h5 14. Nd2 Bf5 15. g4 1-0

[Event "Kstovo op"]
[Site "Kstovo"]
[Date "2010.09.07"]
[Round "4"]
[White "Rakov, Anatoly"]
[Black "Teterin, Sergey"]
[Result "1/2-1/2"]
[WhiteElo "2075"]
[BlackElo "2112"]
[PlyCount "29"]
[EventDate "2010.09.04"]
[EventType "swiss"]
[EventRounds "9"]
[EventCountry "RUS"]
[SourceTitle "EXT 2014"]
[Source "ChessBase"]
[SourceDate "2013.11.20"]
[SourceVersion "1"]
[SourceVersionDate "2013.11.20"]
[SourceQuality "1"]

1. d4 d5 2. Nf3 Nf6 3. Bf4 Bf5 4. c3 c6 5. Qb3 Qb6 6. Nbd2 e6 7. Nh4 Bg6 8. Nxg6 hxg6 9. Qc2 Nbd7 10. e3 Qd8 11. Bg5 Be7 12. e4 dxe4 13. Nxe4 Nxe4 14. Bxe7 Qxe7 15. Qxe4 1/2-1/2

[Event "Kstovo op"]
[Site "Kstovo"]
[Date "2010.09.06"]
[Round "3"]
[White "Gorozhanin, Mikhail"]
[Black "Rakov, Anatoly"]
[Result "1/2-1/2"]
[WhiteElo "2125"]
[BlackElo "2075"]
[PlyCount "64"]
[EventDate "2010.09.04"]
[EventType "swiss"]
[EventRounds "9"]
[EventCountry "RUS"]
[SourceTitle "EXT 2014"]
[Source "ChessBase"]
[SourceDate "2013.11.20"]
[SourceVersion "1"]
[SourceVersionDate "2013.11.20"]
[SourceQuality "1"]

1. d4 d5 2. c4 e6 3. Nf3 Nf6 4. g3 c5 5. cxd5 exd5 6. Bg2 c4 7. 0-0 Be7 8. b3 cxb3 9. axb3 Nc6 10. Ba3 Bf5 11. Ne5 0-0 12. Nxc6 bxc6 13. Nc3 Re8 14. e3 Rb8 15. Na4 Bxa3 16. Rxa3 Qd6 17. Qa1 Nd7 18. Rc1 Rb7 19. Nc5 Nxc5 20. Rxc5 Reb8 21. Qc3 h5 22. h4 Rb6 23. Bf3 g6 24. Bd1 R6b7 25. Bc2 Bg4 26. e4 Be6 27. e5 Qd7 28. Rca5 Bf5 29. Bxf5 Qxf5 30. Rxa7 Qb1+ 31. Kg2 Rxa7 32. Rxa7 Rxb3 1/2-1/2

[Event "Nizhnij Novgorod op"]
[Site "Nizhnij Novgorod"]
[Date "2010.??.??"]
[Round "?"]
[White "Rakov, Anatoly"]
[Black "Simagin, Maxim"]
[Result "1/2-1/2"]
[WhiteElo "2075"]
[BlackElo "2038"]
[PlyCount "53"]
[EventDate "2010.10.02"]
[EventType "swiss"]
[EventRounds "9"]
[EventCountry "RUS"]
[SourceTitle "EXT 2011"]
[Source "ChessBase"]
[SourceDate "2010.11.26"]
[SourceVersion "1"]
[SourceVersionDate "2010.11.26"]
[SourceQuality "1"]

1. d4 Nf6 2. Nf3 g6 3. c3 Bg7 4. Bf4 0-0 5. h3 c5 6. e3 Qb6 7. Qb3 d6 8. dxc5 Qxc5 9. Nbd2 Nc6 10. Be2 h6 11. 0-0 e5 12. Bh2 Be6 13. Qb5 Qxb5 14. Bxb5 a6 15. Be2 Nd7 16. e4 d5 17. exd5 Bxd5 18. Nb3 e4 19. Nfd4 Nxd4 20. Nxd4 Ne5 21. Rfd1 Rfd8 22. f3 exf3 23. Nxf3 Bc4 24. Bxe5 Bxe2 25. Rxd8+ Rxd8 26. Bxg7 Kxg7 27. Nd4 1/2-1/2

[Event "Nizhnij Novgorod op"]
[Site "Nizhnij Novgorod"]
[Date "2010.??.??"]
[Round "?"]
[White "Shilnikov, Igor S"]
[Black "Rakov, Anatoly"]
[Result "0-1"]
[WhiteElo "1931"]
[BlackElo "2075"]
[PlyCount "108"]
[EventDate "2010.10.02"]
[EventType "swiss"]
[EventRounds "9"]
[EventCountry "RUS"]
[SourceTitle "EXT 2011"]
[Source "ChessBase"]
[SourceDate "2010.11.26"]
[SourceVersion "1"]
[SourceVersionDate "2010.11.26"]
[SourceQuality "1"]

1. d4 d5 2. Bg5 c6 3. Nf3 Qb6 4. b3 Bf5 5. Nbd2 h6 6. Bf4 g5 7. Be5 f6 8. Bg3 Nd7 9. e3 h5 10. h3 h4 11. Bh2 g4 12. hxg4 Bxg4 13. Be2 h3 14. Bg3 Bg7 15. gxh3 Rxh3 16. Rxh3 Bxh3 17. Ng1 Be6 18. Bh5+ Kd8 19. Ne2 Nh6 20. Nf4 Bf5 21. Bg6 Bxg6 22. Nxg6 c5 23. Nf4 e6 24. Qh5 cxd4 25. exd4 Rc8 26. Rc1 Rc6 27. c3 Qa5 28. Qe2 e5 29. Nd3 Rxc3 30. dxe5 Rxc1+ 31. Nxc1 fxe5 32. Qe3 Qc5 33. Qg5+ Qe7 34. Qh5 Qf7 35. Qh4+ Kc8 36. Qa4 a6 37. Qb4 Nf5 38. Ne2 Qh5 39. Qc3+ Kb8 40. Qa5 Qh1+ 41. Nf1 Bf6 42. Nc3 Nxg3 43. fxg3 d4 44. Nd5 Qe4+ 45. Kf2 Qc2+ 46. Kg1 Bg5 47. b4 Qc6 48. Nf4 b6 49. Qd5 Qxd5 50. Nxd5 Kb7 51. b5 axb5 52. Nb4 e4 53. Kf2 Ne5 54. Ke2 Nc4 0-1

[Event "Nizhnij Novgorod-ch HL"]
[Site "Nizhnij Novgorod"]
[Date "2009.11.14"]
[Round "?"]
[White "Markelova, Lubov"]
[Black "Rakov, Anatoly"]
[Result "1-0"]
[WhiteElo "2018"]
[BlackElo "2096"]
[PlyCount "99"]
[EventDate "2009.11.14"]
[EventType "swiss"]
[EventRounds "9"]
[EventCountry "RUS"]
[SourceTitle "EXT 2022"]
[Source "ChessBase"]
[SourceDate "2021.10.06"]
[SourceVersion "1"]
[SourceVersionDate "2021.10.06"]
[SourceQuality "1"]

1. Nf3 d5 2. d4 c6 3. c4 Nf6 4. Nc3 Bf5 5. cxd5 Nxd5 6. Qb3 Qb6 7. Nxd5 Qxb3 8. Nc7+ Kd8 9. axb3 Kxc7 10. Bf4+ Kc8 11. Ne5 f6 12. Nc4 Nd7 13. f3 Bc2 14. e4 e5 15. dxe5 fxe5 16. Nxe5 Bb4+ 17. Bd2 Bxd2+ 18. Kxd2 Bxb3 19. Nc4 Kc7 20. Kc3 Nc5 21. Nd2 Bf7 22. b4 Nd7 23. Bc4 Bxc4 24. Nxc4 Rhd8 25. Rhd1 b5 26. Ne3 Kb6 27. Rd6 Nf6 28. Rad1 Rxd6 29. Rxd6 Kc7 30. Nf5 a5 31. bxa5 Rxa5 32. Re6 Ra2 33. Nxg7 Rxg2 34. Nf5 Nd7 35. Nd4 Nb8 36. Re7+ Kb6 37. Rxh7 c5 38. Rh6+ Ka5 39. Nb3+ Ka4 40. Nxc5+ Ka3 41. Rb6 Rg8 42. Rxb5 Nc6 43. Rb6 Nb8 44. Rb4 Ka2 45. Rb2+ Ka3 46. Rb7 Nc6 47. Rb6 Nb8 48. e5 Rc8 49. Kd4 Rd8+ 50. Ke4 1-0

[Event "Nizhnij Novgorod-ch HL"]
[Site "Nizhnij Novgorod"]
[Date "2009.11.14"]
[Round "?"]
[White "Rakov, Anatoly"]
[Black "Stepanushkin, Alexander"]
[Result "1-0"]
[WhiteElo "2096"]
[BlackElo "2024"]
[PlyCount "113"]
[EventDate "2009.11.14"]
[EventType "swiss"]
[EventRounds "9"]
[EventCountry "RUS"]
[SourceTitle "EXT 2022"]
[Source "ChessBase"]
[SourceDate "2021.10.06"]
[SourceVersion "1"]
[SourceVersionDate "2021.10.06"]
[SourceQuality "1"]

1. d4 Nf6 2. Nf3 c5 3. dxc5 e6 4. Be3 Na6 5. c3 Bxc5 6. Bxc5 Nxc5 7. e3 b6 8. Nbd2 Bb7 9. Be2 Qc7 10. 0-0 0-0 11. Nb3 d5 12. Qd4 Ncd7 13. Qb4 e5 14. Rfd1 Rac8 15. Rac1 Qb8 16. Qa4 Bc6 17. Bb5 Bxb5 18. Qxb5 Qb7 19. Qe2 b5 20. a3 Qb6 21. Nbd2 Rfe8 22. e4 Nc5 23. exd5 Nxd5 24. Ne4 Nf4 25. Qc2 Qg6 26. Ng3 Qc6 27. Qf5 Re6 28. Rc2 Rce8 29. Ne1 Rf6 30. Qg4 e4 31. Nf5 Ng6 32. Ne3 Rf4 33. Qe2 Ne5 34. Nd5 Rf5 35. Ne3 Rf4 36. Rcd2 Ncd3 37. Nxd3 exd3 38. Qh5 Nc4 39. Rxd3 Nxb2 40. Rd6 Qxc3 41. Qxb5 Rfe4 42. Rd8 Kf8 43. Rxe8+ Rxe8 44. Rb1 Nd3 45. Nf1 Qc2 46. h3 Qxf2+ 47. Kh1 Qd4 48. Qg5 h6 49. Qg3 Nf2+ 50. Kh2 Ne4 51. Qf4 g5 52. Qc7 Qd6+ 53. Qxd6+ Nxd6 54. Rd1 Ke7 55. Ne3 Ke6 56. Ng4 Nf5 57. Re1+ 1-0

[Event "Nizhnij Novgorod Dubinin Memorial 16th"]
[Site "Nizhnij Novgorod"]
[Date "2009.01.09"]
[Round "7"]
[White "Rakov, Anatoly"]
[Black "Shilnikov, Igor S"]
[Result "0-1"]
[WhiteElo "2115"]
[BlackElo "1963"]
[PlyCount "40"]
[EventDate "2009.01.03"]
[EventType "swiss"]
[EventRounds "9"]
[EventCountry "RUS"]
[SourceTitle "EXT 2010"]
[Source "ChessBase"]
[SourceDate "2010.11.25"]
[SourceVersion "1"]
[SourceVersionDate "2010.11.25"]
[SourceQuality "1"]

1. d4 Nf6 2. Nf3 c6 3. Bf4 d6 4. h3 Nbd7 5. c3 b5 6. a4 Bb7 7. Qb3 a6 8. c4 Rb8 9. axb5 cxb5 10. cxb5 Bd5 11. Qc2 Be4 12. Qd2 Bxb1 13. Rxb1 axb5 14. Qd3 e5 15. Bd2 e4 16. Qe3 Qe7 17. Nh2 Nb6 18. Qb3 Nc4 19. Bg5 e3 20. fxe3 d5 0-1

[Event "Nizhnij Novgorod Dubinin Memorial 16th"]
[Site "Nizhnij Novgorod"]
[Date "2009.01.07"]
[Round "5"]
[White "Rakov, Anatoly"]
[Black "Simagin, Maxim"]
[Result "0-1"]
[WhiteElo "2115"]
[BlackElo "2019"]
[PlyCount "38"]
[EventDate "2009.01.03"]
[EventType "swiss"]
[EventRounds "9"]
[EventCountry "RUS"]
[SourceTitle "EXT 2010"]
[Source "ChessBase"]
[SourceDate "2010.11.25"]
[SourceVersion "1"]
[SourceVersionDate "2010.11.25"]
[SourceQuality "1"]

1. d4 Nf6 2. Nf3 g6 3. c3 Bg7 4. Bf4 d6 5. h3 0-0 6. e3 Nc6 7. Nbd2 Nd7 8. Bc4 Kh8 9. 0-0 e5 10. dxe5 dxe5 11. Bg3 Qe7 12. e4 Nb6 13. Bb3 a5 14. a4 Be6 15. Qe2 h6 16. Nc4 Nd7 17. Bc2 Rae8 18. Rad1 Kh7 19. Rd2 f5 0-1